[Event "Bad Woerishofen op"]
[Site "Bad Woerishofen"]
[Date "2001.??.??"]
[Round "7"]
[White "Lada, Ireneusz"]
[Black "Deglmann, Ludwig"]
[Result "1-0"]
[WhiteElo "2216"]
[BlackElo "2306"]
[Annotator "ChessOrg"]
[PlyCount "87"]
[EventDate "1998.03.05"]
[Source "ChessBase"]
[SourceDate "1998.04.29"]

1. c4 {A87: Hollaendische Verteidigung (Leningrader Variante)} 1... f5 2. Nc3
Nf6 3. Nf3 g6 4. g3 Bg7 5. Bg2 O-O 6. O-O d6 7. d4 Qe8 8. d5 Na6 9. Nd4 Bd7 10.
Bg5 {letzter Buchzug} 10... h6 11. Bxf6 Bxf6 12. Qd2 c6 13. e4 Nc7 (13... f4 $5
$11) 14. exf5 $14 14... gxf5 15. Rfe1 c5 16. Ne6 Bxe6 (16... Bxc3 17. Qxc3 Nxe6
18. dxe6 $14) 17. dxe6 Bxc3 18. bxc3 Qg6 19. Bxb7 Rab8 20. Bd5 Rb6 (20... f4
21. Kh1 $14) 21. Qc2 $16 21... Rfb8 22. Rab1 Rxb1 23. Rxb1 Rxb1+ 24. Qxb1 Kg7 (
24... Nxe6 25. Qb8+ Kf7 26. Qxa7 $18) 25. Qb7 $18 25... Nxd5 26. cxd5 (26. Qxd5
$6 26... Kf6 $11) 26... Kf6 27. c4 f4 28. Qb2+ (28. Qxa7 Qb1+ 29. Kg2 Qe4+ 30.
Kh3 30... Qxc4 $17) 28... Kg5 29. Qc1 Qe4 30. h3 h5 31. gxf4+ Qxf4 32. Qe3 Kf5
33. Qd3+ (33. Qc3 33... Qe4 $16) 33... Qe4 34. Qc3 Kf4 35. Qd2+ (35. Qc1+ Ke5
36. Qg5+ Kd4 37. Qxe7 Qe1+ 38. Kg2 Qe4+ 39. Kg3 Qe5+ 40. Kh4 Qf4+ 41. Kxh5 Qf3+
42. Kg6 Qe4+ 43. Kg7 Qg2+ 44. Kf7 Qxh3 45. Qf6+ Kxc4 46. e7 $18) 35... Kf5 $11
36. Qc3 Kf4 37. Qg3+ Kf5 38. h4 (38. Qb3 Ke5 39. Qb2+ 39... Kf5 $11) 38... Qg4
39. Kg2 Qe4+ 40. Kh2 (40. f3 Qe2+ 41. Kh3 Qf1+ 42. Kh2 Qe2+ 43. Kg1 Qd1+ 44.
Kf2 Qc2+ 45. Ke3 Qc3+ 46. Kf2 Qb2+ 47. Kf1 47... Qd2 $11) 40... Qg4 (40... Qxc4
41. Qg5+ Ke4 42. Qxe7 Kxd5 43. Qg5+ Kc6 44. Qxh5 Qxe6 45. Kg3 $11) 41. Kg2 (41.
f3 $142 41... Qxg3+ 42. Kxg3 $11) 41... Qxg3+ $4 (41... Qe4+ $142 42. f3 Qe2+
43. Kh1 Qf1+ 44. Kh2 Qe2+ 45. Kh3 Qf1+ 46. Kh2 Qe2+ 47. Kg1 Qd1+ 48. Kf2 Qc2+
49. Ke3 Qc3+ 50. Kf2 Qb2+ 51. Kf1 51... Qd2 $11) 42. fxg3 $18 (42. Kxg3 $6
42... Ke5 43. Kf3 43... Kd4 $14) 42... Ke5 43. Kf3 Kf5 44. g4+ (44. g4+ hxg4+
45. Kg3 $18) 1-0

[Event "Bad Woerishofen op"]
[Site "?"]
[Date "2001.??.??"]
[Round "1"]
[White "Lamberger, Werner"]
[Black "Hartoch, Robert"]
[Result "1/2-1/2"]
[WhiteElo "1912"]
[BlackElo "2319"]
[Annotator "ChessOrg"]
[PlyCount "103"]
[EventDate "2000.??.??"]

1. Nf3 {A04: Hollaendisches System} 1... g6 2. g3 Bg7 3. Bg2 e5 4. O-O f5 5. d3
d6 6. Nbd2 {letzter Buchzug} 6... Nf6 7. e4 Nc6 8. c3 O-O (8... Rf8 9. b4 $11)
9. a4 (9. Qb3+ 9... Kh8 $14) 9... f4 10. d4 Nh5 11. d5 Ne7 12. c4 h6 13. c5 Nf6
14. Qc2 g5 15. gxf4 exf4 (15... gxf4 $143 16. Nc4 $14) 16. e5 (16. h3 $5 $15)
16... dxe5 17. d6 cxd6 18. cxd6 Nc6 19. Re1 e4 (19... Re8 20. Qb3+ Kh8 21. Nc4
$19) 20. Nxe4 $17 20... Nxe4 21. Qxe4 Qxd6 22. Qc4+ Kh8 23. Bd2 g4 24. Nh4 Qf6
(24... f3 25. Bc3 Bxc3 26. Qxc3+ Kh7 27. Bf1 $17) 25. Bxc6 Qxh4 (25... bxc6 26.
Bb4 c5 27. Bxc5 $15) 26. Bg2 (26. Bb4 $5 26... Rg8 27. Bd5 $11) 26... f3 $17
27. Bf1 Bf5 28. Bc3 Rad8 29. Rad1 Rxd1 30. Bxg7+ Kxg7 31. Rxd1 Qf6 32. Qb4 b6 (
32... Rf7 $5 33. Rd6 Be6 34. Qe4 $19) 33. Rd6 $17 33... Qe5 (33... Be6 $5 $17)
34. Rxh6 $15 34... Rd8 35. Rc6 Rd1 36. Qc4 (36. Qc3 Qxc3 37. Rxc3 37... a5 $17)
36... Qxb2 (36... Bd7 37. Rg6+ Kxg6 38. Qc2+ Bf5 39. Qxd1 Qxb2 40. Bd3 $19) 37.
Rc7+ $15 37... Rd7 (37... Kf6 $142 38. h4 38... Rd7 $17) 38. Rc8 (38. Rxd7+
$142 38... Bxd7 39. Qd5 $11) 38... Rf7 $17 39. Rd8 Qf6 40. Qd5 Be6 41. Qd2 Rc7
42. Rd6 Rc5 43. Qe3 Kf7 44. Qe4 Ke7 (44... Re5 45. Qh7+ Qg7 46. Qc2 $19) 45.
Rd4 (45. Rd1 45... Qf7 $17) 45... Qf5 (45... Rc1 46. a5 $19) 46. Qe3 (46. Qb7+
$5 46... Kf6 47. Qxa7 $15) 46... Re5 47. Qa3+ Rc5 (47... Ke8 48. Qb4 Rc5 49.
Bb5+ Ke7 50. Re4 $19) 48. Qe3 Qg5 49. Qe4 Rc1 50. Qh7+ Kf8 51. Qh8+ Bg8 52. Re4
1/2-1/2

[Event "Bad Woerishofen op"]
[Site "Bad Woerishofen"]
[Date "2001.??.??"]
[Round "4"]
[White "Lamberger, Werner"]
[Black "Kistella, Irena"]
[Result "1/2-1/2"]
[WhiteElo "1912"]
[BlackElo "1670"]
[Annotator "ChessOrg"]
[PlyCount "46"]
[EventDate "1998.03.05"]
[Source "ChessBase"]
[SourceDate "1998.04.29"]

1. Nf3 {A04: Hollaendisches System ohne Uebergang in andere Systeme} 1... e6 2.
g3 d5 3. Bg2 Nf6 4. O-O Be7 5. d3 O-O 6. Nbd2 b6 7. e4 dxe4 8. dxe4 Bb7 9. Qe2
9... c5 {letzter Buchzug} 10. e5 Nd5 11. Rd1 Nd7 12. c4 Nb4 13. Ne4 Qc7 14. Bf4
Nc6 (14... Rad8 15. Nf6+ Bxf6 16. exf6 $16) 15. Nf6+ $16 15... Bxf6 16. exf6 e5
17. Bxe5 (17. Nxe5 Ndxe5 18. Bxe5 Nxe5 19. Bxb7 $18) 17... Ncxe5 $14 18. Nxe5
Nxf6 19. f4 Bxg2 20. Qxg2 Rad8 21. Qf3 Rxd1+ 22. Rxd1 Rd8 23. Rxd8+ Qxd8
1/2-1/2

[Event "Bad Woerishofen op"]
[Site "Bad Woerishofen"]
[Date "2001.??.??"]
[Round "6"]
[White "Lamberger, Werner"]
[Black "Rothenhagen, Siegfried"]
[Result "1/2-1/2"]
[WhiteElo "1912"]
[BlackElo "1715"]
[Annotator "ChessOrg"]
[PlyCount "65"]
[EventDate "1998.03.05"]
[Source "ChessBase"]
[SourceDate "1998.04.29"]

1. Nf3 {A08: Koenigsindisch im Anzug} 1... c5 2. g3 d5 3. Bg2 Nf6 4. O-O e6 5.
d3 5... Bd6 {letzter Buchzug} 6. Nbd2 O-O 7. e4 Nc6 8. c3 Bd7 9. Qe2 Qc7 10.
Re1 dxe4 11. dxe4 e5 12. Nh4 Qc8 13. Nc4 Bc7 14. Bg5 Ne8 15. Rad1 h6 16. Bc1
Bh3 17. Bh1 Qe6 18. Ne3 Rd8 19. Nd5 Bb8 20. b4 (20. Qb5 $5 $14) 20... cxb4 $15
21. cxb4 Bg4 22. f3 Bh3 23. Be3 Nf6 24. Bc5 Rfe8 25. Bg2 (25. Qc4 25... Bd6 $15
) 25... Bxg2 (25... Nxd5 $2 26. exd5 (26. Rxd5 $143 26... Bxg2 27. Nxg2 27...
b6 $17) 26... Qc8 27. dxc6 bxc6 28. Bxh3 Qxh3 29. Qe4 $18) 26. Nxf6+ Qxf6 27.
Nxg2 b6 28. b5 bxc5 29. bxc6 Qxc6 30. Ne3 Bc7 31. Rxd8 Rxd8 32. Nd5 Kf8 33. Qc4
1/2-1/2

[Event "Bad Woerishofen op"]
[Site "Bad Woerishofen"]
[Date "2001.??.??"]
[Round "8"]
[White "Lamberger, Werner"]
[Black "Neumann, Peter"]
[Result "1-0"]
[WhiteElo "1912"]
[BlackElo "1769"]
[Annotator "ChessOrg"]
[PlyCount "63"]
[EventDate "1998.03.05"]
[Source "ChessBase"]
[SourceDate "1998.04.29"]

1. Nf3 {A07: Barcza-System (Koenigsfianchetto mit moeglichen Uebergaengen in
andere Systeme)} 1... c6 2. g3 d5 3. Bg2 Nf6 4. O-O Bf5 5. b3 e6 6. Bb2 Bc5 7.
d4 {letzter Buchzug} 7... Bd6 8. c4 dxc4 9. bxc4 O-O 10. Nc3 Nbd7 11. Re1 Ne4
12. Nd2 12... Ng5 $2 (12... Nxd2 13. Qxd2 Nb6 14. e4 Nxc4 15. Qe2 Nxb2 16. Qxb2
$11) 13. Nde4 (13. e4 $5 $142 13... Bh3 14. f4 $16) 13... Bb4 14. Nxg5 Qxg5 15.
e4 Bg4 16. Qb3 Bxc3 17. Bxc3 Rab8 18. h3 Bh5 19. Bb2 b5 20. Bc1 Qd8 21. Be3 a5
22. c5 Ra8 23. d5 Qe7 (23... a4 $5 24. Qb2 exd5 25. exd5 25... cxd5 $16) 24.
dxc6 Ne5 25. g4 Bg6 26. f4 a4 (26... Nxc6 27. f5 27... b4 $18) 27. Qxb5 Rab8 (
27... Rfb8 28. Qe2 Nxc6 29. f5 $18) 28. Qe2 (28. Qa6 $5 $142 28... Nxg4 29.
hxg4 29... Ra8 $18) 28... Nxc6 29. f5 exf5 30. exf5 Qf6 (30... Bxf5 31. Bxc6
Bd7 32. Bg2 $18) 31. Qa6 Rfc8 32. Rad1 (32. Rad1 Bxf5 33. gxf5 Qxf5 34. Qxa4
$18 (34. Bxc6 $6 34... Qg6+ 35. Kh1 Rxc6 36. Qxa4 36... Ra6 $18)) (32. fxg6 $5
$142 32... Qxg6 33. Bf4 33... Ra8 $18) 1-0

[Event "Bad Woerishofen op"]
[Site "?"]
[Date "2001.??.??"]
[Round "1"]
[White "Lang, Ludwig"]
[Black "Jaenig, Reinhard"]
[Result "0-1"]
[WhiteElo "1192"]
[BlackElo "2090"]
[Annotator "ChessOrg"]
[PlyCount "68"]
[EventDate "2000.??.??"]

1. c4 {A30: Englische Eroeffnung (Symmetrische Variante)} 1... c5 2. Nf3 Nf6 3.
Nc3 d5 4. d4 {letzter Buchzug} 4... cxd4 5. Qxd4 Nc6 6. Qd1 (6. Qf4 6... e6 $11
) 6... d4 $15 7. Nb5 e5 8. e3 a6 9. Na3 Bb4+ (9... Bg4 10. Nb1 $17) 10. Bd2 $15
10... dxe3 11. fxe3 Qb6 12. Bxb4 (12. Qb3 12... Ng4 $15) 12... Qxe3+ 13. Qe2
Qxe2+ 14. Bxe2 Nxb4 15. Nxe5 O-O 16. Nf3 Re8 17. Nd4 Bg4 18. Rd1 Rad8 19. h3 (
19. Nf3 Nd3+ 20. Kf1 Nxb2 21. Rxd8 21... Rxd8 $19) 19... Bxe2 20. Nxe2 Nd3+ 21.
Kf1 Ne4 22. Rg1 Nxb2 23. Rxd8 Rxd8 24. g4 Rd3 25. Nc2 Nxc4 26. Kg2 (26. Ned4
Rd2 27. Rg2 Rd1+ 28. Ke2 Nc3+ 29. Kf3 29... Nxa2 $19) 26... Rd2 27. Ncd4 Nc3
28. Re1 Rxa2 29. Kg3 Nxe2+ 30. Nxe2 Ra3+ 31. Kf4 f6 32. Nd4 (32. Rc1 b5 33. h4
33... Rd3 $19) 32... g5+ (32... Rxh3 33. Re8+ Kf7 34. Rd8 g5+ 35. Ke4 $19) 33.
Kf5 Kf7 (33... Rxh3 $6 34. Kxf6 Re3 35. Rd1 $19) 34. Nc2 (34. Re6 Ne3+ 35. Ke4
$19) 34... Nd6# 0-1

[Event "Bad Woerishofen op"]
[Site "Bad Woerishofen"]
[Date "2001.??.??"]
[Round "4"]
[White "Lang, Ludwig"]
[Black "Mader, Kurt"]
[Result "1/2-1/2"]
[WhiteElo "1192"]
[BlackElo "1900"]
[Annotator "ChessOrg"]
[PlyCount "73"]
[EventDate "1998.03.05"]
[Source "ChessBase"]
[SourceDate "1998.04.29"]

1. e4 {C42: Russische Verteidigung (Petrow)} 1... e5 2. Nf3 Nf6 3. Nc3 Bc5 4.
d4 exd4 5. Nxd4 5... h6 {letzter Buchzug} 6. Nb3 Bb4 7. Qd3 Qe7 8. Nd2 Bxc3 (
8... O-O 9. Be2 $15) 9. bxc3 (9. Qxc3 9... O-O $11) 9... d6 (9... d5 10. Qg3
O-O 11. e5 $15) 10. Be2 O-O 11. O-O Re8 12. Bf3 Nbd7 13. Re1 Ne5 14. Qe2 Bd7
15. a4 a5 16. Bb2 Nxf3+ (16... Bc6 17. c4 $17) 17. Qxf3 Qe5 18. g3 (18. Qd3 $5
$17) 18... Bc6 $19 19. Nc4 Qc5 (19... Qe6 $5 $142 20. Nd2 20... Nxe4 $19) 20.
Nd2 $17 20... Qg5 21. Bc1 (21. Qd3 $5 $17 $142) 21... Qg6 $19 22. Bb2 Re6 23.
Qd3 Qh5 (23... Nxe4 $5 $142 24. Nxe4 24... Bxe4 $19) 24. f3 $17 24... Qc5+ 25.
Qd4 Qxd4+ (25... Qg5 $5 $17 $142) 26. cxd4 $14 26... Ree8 27. e5 (27. d5 $5
27... Bd7 28. Reb1 $14) 27... Nd5 (27... dxe5 28. Rxe5 Rxe5 29. dxe5 $15) 28.
f4 (28. Nc4 $5 $11) 28... Nb6 $17 29. c4 Nxa4 (29... Bxa4 $6 30. c5 dxc5 31.
dxc5 $11) 30. Ba3 Rad8 (30... d5 $17 $142) 31. d5 Bd7 32. Reb1 (32. exd6 cxd6
33. Ne4 b5 34. cxb5 Bxb5 35. Nxd6 Rxe1+ 36. Rxe1 36... Nc3 $11) 32... b6 33.
exd6 cxd6 34. Bxd6 Bf5 35. Rc1 (35. Bc7 $5 35... Rc8 36. Rxb6 Nxb6 37. Bxb6 $15
) 35... Rxd6 $17 36. Rxa4 Re2 37. Nf3 1/2-1/2

[Event "Bad Woerishofen op"]
[Site "Bad Woerishofen"]
[Date "2001.??.??"]
[Round "6"]
[White "Lang, Ludwig"]
[Black "Mantzouneas, Nikolaos"]
[Result "0-1"]
[WhiteElo "1192"]
[BlackElo "2033"]
[Annotator "ChessOrg"]
[PlyCount "72"]
[EventDate "1998.03.05"]
[Source "ChessBase"]
[SourceDate "1998.04.29"]

1. Nf3 {A04: Hollaendisches System} 1... c5 2. g3 Nf6 3. Bg2 d6 4. O-O g6 5. d3
Bg7 6. e4 Nc6 7. c4 {letzter Buchzug} 7... O-O 8. Nc3 Ng4 9. h3 Nge5 10. a3
Nxf3+ 11. Qxf3 Rb8 12. Rb1 a6 13. Nd5 Nd4 14. Qd1 e6 15. Ne3 b5 16. cxb5 Nxb5
17. Bd2 Bd7 18. Nc4 Bc6 19. Ba5 Qe7 20. Bd2 Nd4 21. Qe1 Ba4 22. Rc1 Nb3 23. Rc2
Nxd2 (23... Na5 24. Nxa5 Bxc2 25. Bc3 $19) 24. Rxd2 $15 24... Qc7 25. f4 Bd4+
26. Kh1 Bc6 27. Qe2 Rbe8 (27... Rb3 $15 $142) 28. f5 $2 (28. b4 $15 $142) 28...
exf5 $19 29. Rf4 fxe4 30. dxe4 30... d5 $1 31. Rh4 dxc4 32. Qg4 (32. Rf4 Be5
33. Rf1 33... Bxg3 $19) 32... f5 33. exf5 Rxf5 34. Qd1 (34. Kh2 Re1 35. Rxd4
cxd4 36. Rxh7 Kxh7 37. Qh4+ Rh5 38. Qf6 Bxg2 39. Kxg2 Qb7+ 40. Kf2 Rb1 41. Qe7+
Qxe7 42. g4 Rxb2+ 43. Kf1 Qe2+ 44. Kg1 Qg2#) 34... Qxg3 35. Bxc6 (35. Rhxd4
cxd4 36. Bxc6 Re1+ 37. Qxe1 Qxe1+ 38. Kh2 Qxd2+ 39. Kg1 Rg5+ 40. Kf1 Qd3+ 41.
Kf2 Qe3+ 42. Kf1 Rg1#) 35... Re1+ 36. Qxe1 Qxe1+ (36... Qxe1+ 37. Kg2 Qg1#) 0-1

[Event "Bad Woerishofen op"]
[Site "Bad Woerishofen"]
[Date "2001.??.??"]
[Round "8"]
[White "Lang, Ludwig"]
[Black "Weber, Ludwig"]
[Result "0-1"]
[WhiteElo "1192"]
[BlackElo "1630"]
[Annotator "ChessOrg"]
[PlyCount "106"]
[EventDate "1998.03.05"]
[Source "ChessBase"]
[SourceDate "1998.04.29"]

1. e4 {C41: Philidor-Verteidigung} 1... e5 2. Nf3 d6 3. d4 Nd7 4. c4 4... h6 {
letzter Buchzug} 5. d5 Ngf6 6. Nc3 Be7 7. Be2 Nf8 8. h3 N6d7 9. b4 g5 10. Nd2
Ng6 11. Nb3 b6 12. g4 (12. O-O 12... Nf6 $14) 12... Nh4 13. Rg1 Nf8 14. Nd2
Nfg6 15. Nf1 Nf4 16. Bxf4 gxf4 (16... exf4 17. Nd2 $11) 17. f3 (17. Nd2 $5 $14)
17... Bd7 18. b5 Bg5 19. Qb3 Bc8 20. O-O-O (20. Rb1 20... h5 $11) 20... Ng6 21.
a4 a5 (21... a6 22. Bd3 $15) 22. bxa6 (22. Bd3 $5 $11 $142) 22... Bxa6 $17 23.
Kc2 Nf8 24. c5 Bxe2 (24... dxc5 $2 25. Bxa6 Nd7 26. Bb5 $18) (24... bxc5 $2 25.
Bxa6 Nd7 26. Bb5 $18) 25. Nxe2 bxc5 26. Rb1 Nd7 27. Nc3 O-O 28. Nd2 Nb6 29. Qa2
(29. Nc4 Nxc4 30. Qxc4 30... Qd7 $17) 29... Bh4 30. Nc4 Kh7 (30... Bf2 31. Nxb6
cxb6 32. Rg2 $17) 31. Rb5 (31. Nxb6 cxb6 32. Rb2 32... Ra6 $17) 31... Bf2 32.
Rgb1 (32. Nxb6 cxb6 33. Rgb1 33... c4 $17) 32... Ra6 33. Nxb6 cxb6 (33... Rxb6
$143 34. Rxb6 cxb6 35. Qb3 $15) 34. Nd1 (34. R5b2 $5 $17) 34... Bd4 $19 35. a5
(35. Qc4 Qa8 36. Nc3 36... Qa7 $19) 35... Qa8 36. Qc4 (36. Qa4 36... Rd8 $19)
36... Rxa5 37. Rxa5 Qxa5 38. Rb5 Qa6 39. Nc3 (39. h4 39... Rc8 $19) 39... Ra8
40. Qb3 (40. Nd1 Qa3 41. Qb3 c4 42. Qxa3 42... Rxa3 $19) 40... c4 (40... Bxc3
$142 41. Kxc3 Qa1+ 42. Qb2 Ra3+ 43. Kc2 $19) 41. Qb4 (41. Qb2 Bxc3 42. Kxc3 $19
) 41... Bc5 (41... Bxc3 $142 42. Kxc3 Qa1+ 43. Qb2 43... Qd1 $19) 42. Qxc4 Kg6
43. Qe2 (43. Qd3 Bd4 44. Rb3 44... Qa7 $19) 43... Qa1 (43... Bd4 $5 44. Rb1 Qa7
45. Qc4 $19) 44. Rb1 Qa7 45. Kd1 Qe7 46. Qe1 Ra3 47. Kc2 47... Ra8 $4 (47...
Bd4 48. Rb3 Qa7 49. Nb5 Ra2+ 50. Kd3 $19) 48. Qf1 $4 (48. Kd1 Kg7 49. Qf1 $17)
48... Qh4 49. Ne2 Kg5 50. Qh1 $4 (50. Rb5 $19 $142) 50... Ra2+ (50... Qf2 $142
51. h4+ 51... Kg6 $19) 51. Kd1 (51. Rb2 Rxb2+ 52. Kxb2 $19) 51... Be3 52. Nc3
Rd2+ 53. Kc1 Rh2+ (53... Rh2+ 54. Kd1 Rxh1+ 55. Kc2 Qf2+ 56. Kb3 56... Rxh3 $19
) (53... Qf2 54. h4+ Kg6 55. h5+ Kg7 56. Rb3 Ra2+ 57. Kb1 Qc2#) 0-1

[Event "Bad Woerishofen op"]
[Site "?"]
[Date "2001.??.??"]
[Round "1"]
[White "Lechner, Otto"]
[Black "Hornung, Hans"]
[Result "1-0"]
[WhiteElo "1810"]
[BlackElo "2213"]
[Annotator "ChessOrg"]
[PlyCount "113"]
[EventDate "2000.??.??"]

1. e4 {B23: Sizilianisch (Geschlossenes System)} 1... c5 2. Nc3 b6 3. Nf3 Bb7
4. d4 cxd4 5. Nxd4 a6 6. a4 {letzter Buchzug} 6... e6 7. Be3 Qc7 8. f3 Nf6 9.
Bd3 Bc5 10. Qd2 O-O 11. Nce2 (11. Rd1 Nc6 12. Nxc6 12... Bxc6 $11) 11... d5 $15
12. exd5 Nxd5 13. Bf2 Nc6 14. c3 Rad8 15. O-O Nde7 16. Qc2 Kh8 (16... h6 17.
Nxc6 Bxf2+ 18. Rxf2 Nxc6 19. Rd1 $15) 17. Kh1 (17. Nxc6 Bxf2+ 18. Rxf2 18...
Nxc6 $11 (18... Bxc6 $143 19. Bxa6 (19. Bxh7 $143 19... g6 $17) 19... e5 20. f4
$16)) 17... e5 18. Nxc6 Qxc6 19. Be4 (19. Bxh7 $143 19... f5 $19) 19... Qc7 20.
Bxb7 (20. Bxh7 $2 20... Bxf2 21. Rxf2 21... f5 $19) 20... Qxb7 21. Bxc5 bxc5
22. Rfd1 g6 23. Ng3 f5 24. Qe2 Nc6 25. Qc4 Qb6 26. h4 (26. Rab1 $5 $11) 26...
e4 $15 27. Rxd8 (27. fxe4 $5 27... Ne5 28. Qf1 $15) 27... Qxd8 $17 (27... Rxd8
$6 28. Qe6 Qc7 29. Qf6+ Kg8 30. Qg5 $15) 28. Qxc5 Qxh4+ 29. Kg1 Qf6 (29... Rc8
$142 30. Nxf5 gxf5 31. Qxf5 Re8 32. fxe4 Qxe4 33. Qxe4 33... Rxe4 $15) 30. fxe4
$14 30... f4 31. Rf1 Ne5 32. Qd4 f3 33. Rf2 Kg8 34. gxf3 (34. Qd5+ $142 34...
Kh8 35. b4 $14) 34... Nxf3+ $17 35. Kg2 (35. Rxf3 Qxf3 36. Qd5+ Kg7 37. Qd7+
Kh6 38. Qh3+ 38... Kg5 $19) 35... Nxd4 36. Rxf6 Rxf6 37. cxd4 Rb6 38. e5 Kf7
39. Ne4 Rxb2+ 40. Kf3 Rb4 41. Ng5+ Ke7 42. d5 h6 43. d6+ Kd7 44. Ne4 Rc4 45.
Ke3 (45. Nf6+ Ke6 46. d7 46... Rd4 $19) 45... Kc6 (45... Ke6 46. Kd3 Rb4 47.
Nc5+ Kxe5 48. d7 Rd4+ 49. Ke3 $19) 46. Kd3 (46. a5 $19 $142) 46... Rxa4 47. Nf6
h5 (47... Ra1 48. Kd4 $19) 48. d7 Kc7 49. e6 Kd8 50. Ne8 Ke7 (50... Ra1 51. Ke2
Ra5 52. Kf3 $19) 51. Nd6 (51. Nf6 Ra1 52. Kc4 h4 53. Nd5+ 53... Kd8 $15) 51...
Rb4 (51... Ra1 52. Ke2 Ra5 53. d8=Q+ Kxd8 54. Nb7+ Ke7 55. Nxa5 Kxe6 56. Ke3
$19) 52. Nc8+ Kd8 53. Nd6 Rb8 54. Kd4 (54. Ke4 h4 55. Nf7+ Ke7 56. Ne5 Kxe6 57.
Nc6 $19) 54... Ke7 (54... h4 $142 55. Nf7+ 55... Ke7 $19) 55. Kd5 $4 (55. Nc8+
$142 55... Kd8 56. Nd6 $11) 55... h4 $4 (55... Rb1 56. Nc8+ 56... Kd8 $11) 56.
Nc8+ $18 56... Kd8 57. Kd6 (57. Kd6 Rb6+ 58. Nxb6 g5 59. e7#) 1-0

[Event "Bad Woerishofen op"]
[Site "Bad Woerishofen"]
[Date "2001.??.??"]
[Round "3"]
[White "Lechner, Otto"]
[Black "Pflug, Matthias"]
[Result "0-1"]
[WhiteElo "1810"]
[BlackElo "2177"]
[Annotator "ChessOrg"]
[PlyCount "48"]
[EventDate "1998.03.05"]
[Source "ChessBase"]
[SourceDate "1998.04.29"]

1. e4 {B90: Sizilianisch (Najdorf-Variante, Abweichungen)} 1... c5 2. Nf3 d6 3.
d4 cxd4 4. Nxd4 Nf6 5. Nc3 a6 6. Be3 Ng4 7. Bg5 h6 8. Bh4 g5 9. Bg3 Bg7 10. Be2
h5 11. h4 gxh4 12. Bxh4 Nc6 13. Nxc6 13... bxc6 {letzter Buchzug} 14. Qd2 Qa5
15. Rd1 (15. f3 $142 15... Qb4 16. Nd1 (16. fxg4 $143 16... Qxb2 17. Rb1 17...
Qxc3 $17) 16... Qxd2+ 17. Kxd2 $11) 15... Rb8 $17 16. Bxe7 $2 (16. Nb1 $142
16... Qxd2+ 17. Kxd2 Rxb2 18. a3 $17) 16... Rxb2 $19 17. O-O Bxc3 (17... Kxe7
$4 18. Qxd6+ Ke8 19. Qxc6+ Ke7 20. Nd5+ Qxd5 21. Rxd5 $18) (17... Qxc3 18. Qxd6
f5 19. Qc7 $18) 18. Qxd6 Be5 (18... Rxa2 19. Bh4 Bf6 20. Qxc6+ Bd7 21. Qxd7+
Kf8 22. Bc4 $18) (18... Rxc2 19. Bh4 f6 20. Bxg4 hxg4 21. Qxc6+ Kf7 22. Bxf6
$19) 19. Qxc6+ (19. Bd8 Bxd6 20. Bxa5 Bh2+ 21. Kh1 $19) 19... Kxe7 20. Rd5 (20.
a4 20... Bd4 $1 21. Bb5 Qb6 22. Qxb6 22... Bxb6 $19) 20... Qc7 21. Qa4 (21.
Qxc7+ Bxc7 22. a4 22... Rxc2 $19) 21... Rxc2 22. Bxg4 (22. Qa3+ Bd6 23. Qd3
23... Rxa2 $19) 22... hxg4 (22... Bh2+ $142 23. Kh1 hxg4 24. Qa5 $19) 23. Qb4+
Bd6 24. Re5+ (24. Qxd6+ Qxd6 25. Rxd6 Kxd6 26. a3 $19) 24... Be6 (24... Be6 25.
Qa5 Bxe5 26. Qxc7+ Bxc7 27. g3 Bc4 28. Re1 Be2 29. Rxe2 Rc1+ 30. Re1 Rxe1+ 31.
Kg2 Reh1 32. f3 R8h2#) 0-1

[Event "Bad Woerishofen op"]
[Site "Bad Woerishofen"]
[Date "2001.??.??"]
[Round "5"]
[White "Lechner, Otto"]
[Black "Warnk, Torsten"]
[Result "0-1"]
[WhiteElo "1810"]
[BlackElo "2039"]
[Annotator "ChessOrg"]
[PlyCount "158"]
[EventDate "1998.03.05"]
[Source "ChessBase"]
[SourceDate "1998.04.29"]

1. d4 {D94: Gruenfeld-Verteidigung (Geschlossenes System)} 1... d5 2. c4 c6 3.
Nf3 g6 4. e3 Bg7 5. Nc3 Nf6 6. b3 O-O 7. Bb2 Bg4 8. Be2 Nbd7 9. O-O Re8 10.
cxd5 {letzter Buchzug} 10... Nxd5 11. Nxd5 cxd5 12. Rc1 Qb6 13. Qd2 (13. h3
13... Bf5 $11) 13... Rac8 14. h3 Bf5 15. Rfd1 Nf6 16. Ne5 Ne4 17. Qe1 f6 18.
Nd3 Bh6 19. b4 Bd7 (19... Rxc1 20. Rxc1 Ng3 21. a3 $11) 20. Rxc8 Rxc8 21. Rc1
Bc6 (21... Rxc1 22. Qxc1 Bc6 23. a3 $14) 22. a4 a6 23. Ba3 Qd8 24. Bg4 f5 25.
Bd1 Bg7 26. Bb3 e6 27. Nf4 Kf7 28. f3 Nd6 29. Rc2 (29. Nd3 29... b5 $14) 29...
b5 30. a5 Nc4 31. Bc1 Bf8 32. Nd3 Qf6 33. f4 Bd6 34. h4 Be7 35. g3 h6 36. Rh2
Bd6 37. Qe2 (37. Nc5 37... Ra8 $11) 37... Qe7 38. Bd2 Rg8 39. Be1 Qc7 40. Rg2
Kf6 41. g4 Qh7 42. g5+ Ke7 43. Rh2 Rh8 44. Bxc4 (44. gxh6 Qxh6 45. Nc5 Bxc5 46.
dxc5 46... Qh5 $11) 44... bxc4 $15 45. Nc5 Bb5 46. gxh6 Qxh6 47. Qg2 Kf7 48.
Qf3 48... g5 $1 49. Bg3 g4 50. Qd1 Qf6 51. Qe1 Rb8 52. h5 Qh6 53. Bh4 Rh8 54.
Bg5 Qf8 55. h6 Rh7 56. Qh4 Qg8 57. Bf6 Qg6 58. Bg7 Be7 59. Qh5 Qxh5 60. Rxh5
Bf6 61. Bxf6 Kxf6 62. Kg2 (62. Rh2 $5 $15) 62... Kg6 $19 63. Rg5+ Kf6 (63...
Kxh6 $5 $142 64. Kf2 64... c3 $19) 64. Rh5 $15 64... c3 65. Nb3 $2 (65. Rh1 $5
$15) 65... Kg6 (65... Be2 $19 $142) 66. Rg5+ $2 (66. Rh1 Bd3 67. Rc1 Be4+ 68.
Kf2 Rxh6 69. Rxc3 Rh2+ 70. Ke1 $19) 66... Kxh6 $19 67. Rg8 Rc7 (67... Bc4 68.
Na1 Rb7 69. Nc2 $19) 68. Kf2 (68. Rh8+ Kg6 69. Rh1 69... Rc4 $19) 68... Rg7 (
68... Rc4 $142 69. Rh8+ Kg6 70. Nc1 Rxb4 71. Rg8+ Kf7 72. Rh8 $19) 69. Rc8 Bc4
70. Nc1 (70. Na1 70... Kg6 $19) 70... Kg6 71. Re8 Kf6 (71... Rh7 72. Rxe6+ Kf7
73. Re5 $19) 72. Rh8 Rb7 73. Rh6+ Kg7 74. Rxe6 Rxb4 75. Ke1 (75. Rb6 Ra4 76.
Rb7+ Kg6 77. Rb6+ Kh5 78. Rb8 $19) 75... g3 76. Re7+ Kf6 77. Re8 g2 (77... Rb1
78. Kd1 Bb3+ 79. Ke2 Rxc1 80. Rf8+ Kg7 81. Rc8 Bc4+ 82. Kf3 $19) 78. Rg8 (78.
Kf2 Rb2+ 79. Kg1 Rb1 80. Kxg2 c2 81. Rf8+ 81... Kg7 $19) 78... Rb2 (78... Rb1
$142 79. Kd1 Bb3+ 80. Ke2 Rxc1 81. Rxg2 $19) 79. Kd1 Rf2 (79... Rf2 80. Rg5 Bb5
81. Rxg2 81... Rxg2 $19) 0-1

[Event "Bad Woerishofen op"]
[Site "Bad Woerishofen"]
[Date "2001.??.??"]
[Round "7"]
[White "Lechner, Otto"]
[Black "Joachim, Klaus"]
[Result "1-0"]
[WhiteElo "1810"]
[BlackElo "1600"]
[Annotator "ChessOrg"]
[PlyCount "51"]
[EventDate "1998.03.05"]
[Source "ChessBase"]
[SourceDate "1998.04.29"]

1. e4 {B50: Sizilianisch (Verschiedenes mit 2...d6)} 1... c5 2. Nf3 d6 3. c3
3... Nc6 {letzter Buchzug} 4. d4 cxd4 5. cxd4 g6 6. d5 Ne5 7. Nxe5 dxe5 8. Qb3
Qc7 9. Nc3 a6 10. Be3 b5 11. Rc1 11... Qd6 $4 (11... Qa5 $16 $142) 12. Bxb5+ $1
12... Bd7 (12... axb5 13. Nxb5) 13. Bxd7+ (13. Bc6 13... Rd8 $18) 13... Qxd7
14. O-O Nf6 15. f3 Bg7 16. Rfd1 (16. Na4 16... Qd8 $18) 16... O-O 17. Qc2 Rfc8
18. Qd2 Ne8 19. b3 Nd6 20. Na4 Rxc1 21. Rxc1 Rc8 22. Nb6 Rxc1+ 23. Qxc1 Qb7 24.
Qc6 Bf8 (24... h6 25. Bc5 Qb8 26. b4 $18) 25. Bc5 f6 (25... Qb8 $18) 26. Bxd6 (
26. Bxd6 Qxb6+ 27. Qxb6 exd6 28. Qxa6 $18) 1-0